Goal programming in location problems

Gespeichert in:
Bibliographische Detailangaben
1. Verfasser: Pekár, Juraj, 1972-
Weitere Verfasser: Brezina, Ivan, 1963-, Čičková, Zuzana, 1978-
Format: Buchkapitel
Sprache:Englisch
Schlagworte:
Tags: Tag hinzufügen
Keine Tags, Fügen Sie das erste Tag hinzu!

MARC

LEADER 00000naa$a2200000$$$4500
001 0119800
005 20240502083311.3
041 0 |a eng 
044 |a PT 
245 1 0 |a Goal programming in location problems  |c Juraj Pekár, Ivan Brezina, Zuzana Čičková 
500 |a Abstrakt 
610 2 0 |a programovanie cieľové 
100 1 |a Pekár, Juraj, 1972- 
700 1 |a Brezina, Ivan, 1963- 
700 1 |a Čičková, Zuzana, 1978-